Las vanguardias artísticas del siglo veinte
Salvato in:
| Autore principale: | |
|---|---|
| Natura: | Libro |
| Lingua: | spagnolo |
| Pubblicazione: |
Córdoba
Universitaria de Córdoba
1968
|
| Serie: | Arte y Sociedad, 4
|
| Soggetti: | |
| Tags: |
Aggiungi Tag
Nessun Tag, puoi essere il primo ad aggiungerne!!
|
MARC
| LEADER | 00000cam a2200000 a 4500 | ||
|---|---|---|---|
| 001 | UCG4498 | ||
| 003 | CL-VaPUC | ||
| 008 | 101104e19680000ag |||||||||||||||||spa|d | ||
| 082 | 0 | 4 | |a 709.04 |b MIC |2 21 |
| 100 | |a De Micheli, Mario |e author |9 573365 | ||
| 245 | 1 | 4 | |a Las vanguardias artísticas del siglo veinte |
| 300 | |a 419 p | ||
| 942 | |c BK | ||
| 945 | |d 20101104 00:00:00 |a mfarfan | ||
| 260 | |a Córdoba |b Universitaria de Córdoba |c 1968 | ||
| 650 | 0 | |a Arte moderno |9 265333 | |
| 650 | 7 | |a EXPRESIONISMO |2 CL-VaPUC |9 268711 | |
| 650 | 0 | |a Dadaismo |9 265495 | |
| 650 | 0 | |a Surrealismo |9 265502 | |
| 650 | 0 | |a Cubismo |9 265275 | |
| 650 | 0 | |a Futurismo |9 265679 | |
| 650 | 0 | |a Arte |y Siglo 20 |9 267709 | |
| 583 | |a last modification |c 20160913 09:47:47 |k Rodrigo Vera | ||
| 490 | 0 | |a Arte y Sociedad, 4 | |
| 999 | |c 343200 |d 343198 | ||
| 952 | |0 0 |1 0 |4 0 |6 709_040000000000000_MIC_1968 |7 0 |8 A |9 440297 |a BIBHIS |b BIBHIS |d 2019-11-22 |i 4730844 |l 3 |m 1 |o 709.04 MIC 1968 |p 4730844 |r 2025-01-20 |s 2024-11-18 |w 2019-11-22 |y BK |k HIS | ||
| 952 | |0 0 |1 0 |3 erb |4 0 |6 709_040000000000000_MIC_1968 |7 0 |8 R |9 440298 |a BIBART |b BIBART |i 5048710 |l 1 |o 709.04 MIC 1968 |p 5048710 |r 2025-03-13 |s 2023-10-20 |w 2019-11-22 |y BK_R |z Catalogado en:20140717 |k ART | ||